000 00608nam a2200229Ia 4500
003 OSt
005 20220918225258.0
006 a|||||r|||| 00| 0
007 ta
008 220917b |||||||| |||| 00| 0 eng d
024 _a239,426
037 _cTextual
040 _aARTS
_cARTS
_beng
041 _2eng
_aeng
082 _aWv5'N7, L4
100 _aSharma R P
_925711
245 0 _aModern western political thought
260 _aNew Delhi
_bSterling Publishers (P) Ltd.
_c1974
650 _aPOLITICAL SCIENCE
942 _hWv5'N7, L4
_cTEXL
_2CC
999 _c284174
_d284174